000 00957nam a22002537a 4500
999 _c314104
_d314104
001 27752
003 UA-OsUOA
005 20200126210430.0
007 ta
008 20040913b un ||||| |||| 00| 0 ukr d
020 _a966-8001-04-4
040 _aUA-OsUOA
_bukr
_cUA-OsUOA
_dUA-OsUOA
041 _aukr
044 _aUA
080 _a82.09(477)
090 _a82.09(477)
_bУ45
245 _aУкраїнське слово: в 4-х книгах
_bхрестоматія української літератури та літературної критики XX століття
_cупоряд. В. Яременко
260 _aКиїв
_bАконіт
_c2003
300 _a800 с.
505 _gКн. 4
_tКультурно-історична епоха модернізму. Пізній модернізм (1961-1991). Постмодерна література дев'яностих років
650 7 _2UDC
942 _cBK
_2udc
955 _a0